| 000 | 01185nam a2200313 a 4500 | ||
|---|---|---|---|
| 001 | 000109561 | ||
| 003 | CHAP | ||
| 005 | 20220329144055.0 | ||
| 008 | 140509s2014 mx | |sm |||||||spa|d | ||
| 010 | _a106023 | ||
| 011 | _a106995 | ||
| 040 | _cCHAP | ||
| 090 | _aTesis | ||
| 100 | 1 |
_aZacarías Hernández, Francisco Javier _9126811 |
|
| 245 | 1 | 0 |
_aEfecto de la aplicación de productos osmorreguladores sobre el crecimiento de jitomate (Lycopersicum esulentum Mill.) cultivado en suelo salino. _h[En línea] _cpor Francisco Javier Zacarías Hernández. |
| 260 |
_aChapingo, Méx. : _bEl autor, _c2014. |
||
| 500 | _aPara ver el contenido del material haga clic en la liga | ||
| 502 | _aTesis (Ing. Agr. Esp. en Suelos) -- UACH. Departamento de Suelos | ||
| 590 |
_aBATCH-UPD _b05 _c20141002 _lUCH01 _h0903 |
||
| 590 |
_aE792CSJ _b05 _c20140509 _lUCH01 _h1131 |
||
| 590 |
_aE792CSJ _b05 _c20140509 _lUCH01 _h1131 |
||
| 650 | 1 | 4 |
_aStress _xEfecto en plantas. _9109991 |
| 650 | 1 | 4 |
_aSuelos salinos. _9110558 |
| 650 | 1 | 4 |
_aTomate _xCrecimiento. _9113702 |
| 856 |
_aFinding aid _uhttp://10.13.5.2/tesis/sist109561.pdf _zTeclea aquí |
||
| 901 | _aBK | ||
| 942 | _cTESIS | ||
| 942 | _n0 | ||
| 999 |
_c106023 _d106023 |
||